<?xml version="1.0" encoding="UTF-8"?>
<record
    xmlns:xsi="http://www.w3.org/2001/XMLSchema-instance"
    xsi:schemaLocation="http://www.loc.gov/MARC21/slim http://www.loc.gov/standards/marcxml/schema/MARC21slim.xsd"
    xmlns="http://www.loc.gov/MARC21/slim">

  <leader>01742nam0a22002651  4500</leader>
  <controlfield tag="001">rc\4869170</controlfield>
  <controlfield tag="005">20260407132930.0</controlfield>
  <datafield tag="021" ind1=" " ind2=" ">
    <subfield code="a">RU</subfield>
    <subfield code="b">[64-74565]</subfield>
  </datafield>
  <datafield tag="035" ind1=" " ind2=" ">
    <subfield code="a">(NLR Aleph) 008909645</subfield>
  </datafield>
  <datafield tag="090" ind1=" " ind2=" ">
    <subfield code="a">8755354</subfield>
    <subfield code="c">8755354</subfield>
  </datafield>
  <datafield tag="100" ind1=" " ind2=" ">
    <subfield code="a">20130426d1964    |||y0rusy50      ca</subfield>
  </datafield>
  <datafield tag="101" ind1="0" ind2=" ">
    <subfield code="a">rus</subfield>
  </datafield>
  <datafield tag="102" ind1=" " ind2=" ">
    <subfield code="a">RU</subfield>
  </datafield>
  <datafield tag="105" ind1=" " ind2=" ">
    <subfield code="a">y   z   |||||</subfield>
  </datafield>
  <datafield tag="200" ind1="1" ind2=" ">
    <subfield code="a">&#x420;&#x435;&#x448;&#x435;&#x43D;&#x438;&#x435; &#x41D;&#x430;&#x443;&#x447;&#x43D;&#x43E;-&#x43F;&#x440;&#x43E;&#x438;&#x437;&#x432;&#x43E;&#x434;&#x441;&#x442;&#x432;&#x435;&#x43D;&#x43D;&#x43E;&#x433;&#x43E; &#x441;&#x43E;&#x432;&#x435;&#x449;&#x430;&#x43D;&#x438;&#x44F; &#x43F;&#x43E; &#x432;&#x43E;&#x43F;&#x440;&#x43E;&#x441;&#x443; &#x443;&#x43B;&#x443;&#x447;&#x448;&#x435;&#x43D;&#x438;&#x44F; &#x431;&#x443;&#x445;&#x433;&#x430;&#x43B;&#x442;&#x435;&#x440;&#x441;&#x43A;&#x43E;&#x433;&#x43E; &#x443;&#x447;&#x435;&#x442;&#x430; &#x438; &#x43A;&#x430;&#x43B;&#x44C;&#x43A;&#x443;&#x43B;&#x438;&#x440;&#x43E;&#x432;&#x430;&#x43D;&#x438;&#x44F; &#x441;&#x435;&#x431;&#x435;&#x441;&#x442;&#x43E;&#x438;&#x43C;&#x43E;&#x441;&#x442;&#x438; &#x432; &#x441;&#x442;&#x440;&#x43E;&#x438;&#x442;&#x435;&#x43B;&#x44C;&#x441;&#x442;&#x432;&#x435;. 26 &#x438;&#x44E;&#x43D;&#x44F; 1964 &#x433;.</subfield>
    <subfield code="f">&#x41B;&#x435;&#x43D;&#x438;&#x43D;&#x433;&#x440;. &#x43E;&#x431;&#x43B;. &#x441;&#x43E;&#x432;&#x435;&#x442; &#x43D;&#x430;&#x443;&#x447;.-&#x442;&#x435;&#x445;&#x43D;. &#x43E;&#x431;&#x449;&#x435;&#x441;&#x442;&#x432;. &#x413;&#x43B;. &#x443;&#x43F;&#x440;. &#x43F;&#x43E; &#x441;&#x442;&#x440;&#x43E;&#x438;&#x442;&#x435;&#x43B;&#x44C;&#x441;&#x442;&#x432;&#x443; &#x432; &#x41B;&#x435;&#x43D;&#x438;&#x43D;&#x433;&#x440;. &#x438; &#x41C;&#x443;&#x440;&#x43C;&#x430;&#x43D;. &#x44D;&#x43A;&#x43E;&#x43D;. &#x440;&#x430;&#x439;&#x43E;&#x43D;&#x430;&#x445; "&#x413;&#x43B;&#x430;&#x432;&#x437;&#x430;&#x43F;&#x441;&#x442;&#x440;&#x43E;&#x439;". &#x41B;&#x435;&#x43D;&#x438;&#x43D;&#x433;&#x440;. &#x444;&#x438;&#x43D;.-&#x44D;&#x43A;&#x43E;&#x43D;. &#x438;&#x43D;-&#x442; &#x438;&#x43C;. &#x41D;.&#x410;. &#x412;&#x43E;&#x437;&#x43D;&#x435;&#x441;&#x435;&#x43D;&#x441;&#x43A;&#x43E;&#x433;&#x43E;. &#x413;&#x43B;. &#x443;&#x43F;&#x440;. &#x43F;&#x43E; &#x436;&#x438;&#x43B;., &#x433;&#x440;&#x430;&#x436;&#x434;. &#x438; &#x43F;&#x440;&#x43E;&#x43C;. &#x441;&#x442;&#x440;&#x43E;&#x438;&#x442;&#x435;&#x43B;&#x44C;&#x441;&#x442;&#x432;&#x443; &#x433;. &#x41B;&#x435;&#x43D;&#x438;&#x43D;&#x433;&#x440;&#x430;&#x434;&#x430; "&#x413;&#x43B;&#x430;&#x432;&#x43B;&#x435;&#x43D;&#x438;&#x43D;&#x433;&#x440;&#x430;&#x434;&#x441;&#x442;&#x440;&#x43E;&#x439;"</subfield>
  </datafield>
  <datafield tag="210" ind1=" " ind2=" ">
    <subfield code="a">&#x41B;&#x435;&#x43D;&#x438;&#x43D;&#x433;&#x440;&#x430;&#x434;</subfield>
    <subfield code="c">&#x411;. &#x438;.</subfield>
    <subfield code="d">1964</subfield>
  </datafield>
  <datafield tag="215" ind1=" " ind2=" ">
    <subfield code="a">6 &#x441;.</subfield>
    <subfield code="d">20</subfield>
  </datafield>
  <datafield tag="606" ind1=" " ind2=" ">
    <subfield code="a">&#x421;&#x442;&#x440;&#x43E;&#x438;&#x442;&#x435;&#x43B;&#x44C;&#x43D;&#x44B;&#x435; &#x43E;&#x440;&#x433;&#x430;&#x43D;&#x438;&#x437;&#x430;&#x446;&#x438;&#x438;</subfield>
    <subfield code="x">&#x423;&#x447;&#x435;&#x442; &#x438; &#x43E;&#x442;&#x447;&#x435;&#x442;&#x43D;&#x43E;&#x441;&#x442;&#x44C;</subfield>
    <subfield code="2">psbo</subfield>
  </datafield>
  <datafield tag="606" ind1=" " ind2=" ">
    <subfield code="a">&#x411;&#x443;&#x445;&#x433;&#x430;&#x43B;&#x442;&#x435;&#x440;&#x441;&#x43A;&#x438;&#x439; &#x443;&#x447;&#x435;&#x442; &#x432; &#x441;&#x442;&#x440;&#x43E;&#x438;&#x442;&#x435;&#x43B;&#x44C;&#x441;&#x442;&#x432;&#x435;</subfield>
    <subfield code="2">psbo</subfield>
  </datafield>
  <datafield tag="710" ind1="1" ind2="2">
    <subfield code="a">&#x41D;&#x430;&#x443;&#x447;&#x43D;&#x43E;-&#x43F;&#x440;&#x43E;&#x438;&#x437;&#x432;&#x43E;&#x434;&#x441;&#x442;&#x432;&#x435;&#x43D;&#x43D;&#x43E;&#x435; &#x441;&#x43E;&#x432;&#x435;&#x449;&#x430;&#x43D;&#x438;&#x435; &#x43F;&#x43E; &#x432;&#x43E;&#x43F;&#x440;&#x43E;&#x441;&#x443; &#x443;&#x43B;&#x443;&#x447;&#x448;&#x435;&#x43D;&#x438;&#x44F; &#x431;&#x443;&#x445;&#x433;&#x430;&#x43B;&#x442;&#x435;&#x440;&#x441;&#x43A;&#x43E;&#x433;&#x43E; &#x443;&#x447;&#x435;&#x442;&#x430; &#x438; &#x43A;&#x430;&#x43B;&#x44C;&#x43A;&#x443;&#x43B;&#x438;&#x440;&#x43E;&#x432;&#x430;&#x43D;&#x438;&#x44F; &#x441;&#x435;&#x431;&#x435;&#x441;&#x442;&#x43E;&#x438;&#x43C;&#x43E;&#x441;&#x442;&#x438; &#x432; &#x441;&#x442;&#x440;&#x43E;&#x438;&#x442;&#x435;&#x43B;&#x44C;&#x441;&#x442;&#x432;&#x435;</subfield>
    <subfield code="f">1964</subfield>
    <subfield code="e">&#x41B;&#x435;&#x43D;&#x438;&#x43D;&#x433;&#x440;&#x430;&#x434;</subfield>
    <subfield code="3">RU\NLR\AUTH\8810079233</subfield>
    <subfield code="9">660623</subfield>
  </datafield>
  <datafield tag="801" ind1=" " ind2="0">
    <subfield code="a">RU</subfield>
    <subfield code="b">NLR</subfield>
    <subfield code="g">psbo</subfield>
  </datafield>
  <datafield tag="801" ind1=" " ind2="1">
    <subfield code="a">RU</subfield>
    <subfield code="b">ELAR</subfield>
    <subfield code="2">rusmarc</subfield>
  </datafield>
  <datafield tag="852" ind1=" " ind2=" ">
    <subfield code="a">NLR</subfield>
    <subfield code="j">64-4/17307</subfield>
  </datafield>
  <datafield tag="942" ind1=" " ind2=" ">
    <subfield code="c">BOOK</subfield>
  </datafield>
  <datafield tag="980" ind1=" " ind2=" ">
    <subfield code="a">NB</subfield>
  </datafield>
  <datafield tag="995" ind1=" " ind2=" ">
    <subfield code="5">2013-10-26</subfield>
    <subfield code="b">NLR01</subfield>
    <subfield code="c">NLR01</subfield>
    <subfield code="e">RF31</subfield>
    <subfield code="f">8909645-10</subfield>
    <subfield code="k">64-4/17307</subfield>
    <subfield code="o">0</subfield>
    <subfield code="r">BOOK</subfield>
    <subfield code="s">64417307_</subfield>
  </datafield>
</record>
